Allgemeinwissen-Quiz #34 - Statistiken

Allgemein
  • Dieses Quiz wurde 89 mal gespielt
  • Das Durchschnittsergebnis liegt bei 14 aus 20
Antwortstatistiken
Frage Antwort % Korrekt
Wie werden männliche Wildschweine genannt? Keiler
96%
Der Engländer Jamie Oliver ist auch hier bekannt als Fernseh-...? Koch
91%
David Hasselhoffs grösster Hit Ende der 80er Jahre war ...? Looking for Freedom
89%
Auf welchen Tieren reist Nils Holgersson? Wildgänse
89%
Für was steht das "CT" in CT-Scan? Computed Tomography
88%
Welche ist die grösste noch lebende Echse? Komodowaran
88%
Wer auf unüberwindlichen Widerstand stösst, der beisst redensartlich auf ...? Granit
86%
Wer erzählte die Geschichte vom berühmten "Ritt auf der Kanonenkugel"? Baron Münchhausen
83%
Wer ist auf der Verpackung von Kellogg’s Frosties abgebildet?​
81%
Auf welchem Bild sehen wir einen Gargoyle?
80%
Wie heissen die Musiker Simon und Garfunkel mit Vornamen? Paul und Art
72%
Auf welchem Bild ist die Airline Thai-Airways abgebildet?
69%
Wenn zwei sich streiten, freut sich der Dritte. Wie heisst dieses Sprichwort in Latein: Duobus litigantibus tertius ...? gaudet
64%
Welche Schauspielerin ist aus Blade Runner 2049 bekannt?
53%
Wer spielt die Hauptrolle in "Der Gendarm von St. Tropez"?​ Louis de Funès
53%
Was ist eine Tajine? Ein marokkanisches Kochgeschirr
51%
Wer fand das Grab von Tutanchamun? Howard Carter
44%
In welcher Beziehung stehen Rick und Morty in der gleichnamigen Serie? Grossvater und Enkel
43%
Wenn ich mich in der Hauptstadt Suva befinde, befinde ich mich in welchem Land? Fidschi
40%
Welchem See entspringt der Rhein? Toma-See
21%
Keine übereinstimmenden Quizze gefunden
Verteilung der Resultate
Anzahl Personen mit jedem Resultat
Perzentil nach korrekt beantworteten Fragen
Ihre Resultats-Entwicklung
Sie haben dieses Quiz noch nicht gespielt